MARC details
| 000 -CABECERA |
| campo de control de longitud fija |
00989nam a2200205 a 4500 |
| 001 - NÚMERO DE CONTROL |
| campo de control |
000039840 |
| 005 - FECHA Y HORA DE LA ÚLTIMA TRANSACCIÓN |
| campo de control |
20201002033750.0 |
| 008 - DATOS DE LONGITUD FIJA--INFORMACIÓN GENERAL |
| campo de control de longitud fija |
130725s2005 sp ag 000 0 spa d |
| 020 ## - NÚMERO INTERNACIONAL ESTÁNDAR DEL LIBRO |
| Número Internacional Estándar del Libro |
8400083970 |
| 040 ## - FUENTE DE LA CATALOGACIÓN |
| Centro catalogador/agencia de origen |
DO-SdBNP |
| Lengua de catalogación |
spa |
| Centro/agencia transcriptor |
BNPHU |
| 245 03 - MENCIÓN DE TÍTULO |
| Título |
La misa policoral en Cataluña en la segunda mitad del siglo XVII / |
| Mención de responsabilidad, etc. |
introducción, estudio y transcripción, Francesc Bonastre. |
| 260 ## - PUBLICACIÓN, DISTRIBUCIÓN, ETC. |
| Lugar de publicación, distribución, etc. |
Barcelona : |
| Nombre del editor, distribuidor, etc. |
Consejo Superior de Ciencias Científicas |
| -- |
Institución "Milà i Fontanals", Departamento de Musicología, |
| Fecha de publicación, distribución, etc. |
2005. |
| 300 ## - DESCRIPCIÓN FÍSICA |
| Extensión |
1 partitura (351 p.) ; : |
| Otras características físicas |
il. ; |
| Dimensiones |
32 cm. |
| 490 1# - MENCIÓN DE SERIE |
| Mención de serie |
Monumentos de la música española ; |
| Designación de volumen o secuencia |
73 |
| 500 ## - NOTA GENERAL |
| Nota general |
Incluye comentario de la obra e introducción histórica y musicológica en castellano, catalán e inglés |
| 500 ## - NOTA GENERAL |
| Nota general |
Incluye notas al pie de las páginas |
| 700 1# - PUNTO DE ACCESO ADICIONAL--NOMBRE DE PERSONA |
| Nombre de persona |
Bonastre, Francesc |
| 9 (RLIN) |
66027 |
| 710 2# - PUNTO DE ACCESO ADICIONAL--NOMBRE DE ENTIDAD CORPORATIVA |
| Nombre de entidad corporativa o nombre de jurisdicción como elemento de entrada |
Institución "Milá y Fontanals".Departamento de Musicología |
| 9 (RLIN) |
66028 |
| 830 #0 - PUNTO DE ACCESO ADICIONAL DE SERIE-TÍTULO UNIFORME |
| Título uniforme |
Monumentos de la música española |
| Designación de volumen o secuencia |
73 |
| 9 (RLIN) |
65588 |